Central Library OPAC University of Rajshahi

The world electric power industry / (Record no. 45751)

MARC details
000 -LEADER
fixed length control field 00713cam a2200241 4500
001 - CONTROL NUMBER
control field 45751
003 - CONTROL NUMBER IDENTIFIER
rucl marc code BD-RjUL
005 - DATE AND TIME OF LATEST TRANSACTION
control field 20211209054049.0
008 - FIXED-LENGTH DATA ELEMENTS--GENERAL INFORMATION
fixed length control field 160728s1969 cauab bs 000 0 eng
035 ## - SYSTEM CONTROL NUMBER
System control number (BD-RjUL)45869
040 ## - CATALOGING SOURCE
Original cataloging agency DLC
Transcribing agency DLC
Modifying agency DLC
Language of cataloging eng
041 ## - LANGUAGE CODE
Language code of text/sound track or separate title eng
082 00 - DEWEY DECIMAL CLASSIFICATION NUMBER
Classification number 363.620212
Author mark and year GUW 1969
100 1# - MAIN ENTRY--PERSONAL NAME
Personal name Guyol, Nathaniel B.,
Dates associated with a name 1908-
9 (RLIN) 139950
245 14 - TITLE STATEMENT
Title The world electric power industry /
Statement of responsibility, etc. [by] N. B. Guyol.
260 ## - PUBLICATION, DISTRIBUTION, ETC. (IMPRINT)
Place of publication, distribution, etc. Berkeley :
Name of publisher, distributor, etc. University of California Press,
Date of publication, distribution, etc. 1969.
300 ## - PHYSICAL DESCRIPTION
Pagination xviii, 366 p. :
Illustrations ill. ;
Size 29 cm.
350 ## - PRICE (NR) (BK AM CF MU VM SE) [OBSOLETE]
Price 20.00
504 ## - BIBLIOGRAPHY, ETC. NOTE
Bibliography, etc Bibliography: p. 355-366.
650 #0 - SUBJECT ADDED ENTRY--TOPICAL TERM
Topical term or geographic name as entry element Electric utilities
General subdivision Statistics.
9 (RLIN) 139951
942 ## - ADDED ENTRY ELEMENTS (KOHA)
Source of classification or shelving scheme Dewey Decimal Classification
Koha item type Books
Holdings
Lost status Source of classification or shelving scheme Damaged status Not for loan Collection code Permanent Location Current Location Shelving location Date acquired Source of acquisition Cost, normal purchase price Total Checkouts Full call number Date last seen Copy number Koha item type
  Dewey Decimal Classification     Non-fiction Central Library, University of Rajshahi Central Library, University of Rajshahi   12/11/1970 Zeithlinger 190.00   363.620212 GUW 1969 28/07/2016 C-2 Books